মানিকগঞ্জ জেলার ইতিহাস / (Record no. 105145)
[ view plain ]
| 000 -LEADER | |
|---|---|
| fixed length control field | 00790nam a22001817a 4500 |
| 003 - CONTROL NUMBER IDENTIFIER | |
| control field | BD-DhUL |
| 005 - DATE AND TIME OF LATEST TRANSACTION | |
| control field | 20160920153859.0 |
| 008 - FIXED-LENGTH DATA ELEMENTS--GENERAL INFORMATION | |
| fixed length control field | 160920s1997 bg a|||| |||| 000 0 ben d |
| 040 ## - CATALOGING SOURCE | |
| Original cataloging agency | BD-DhUL |
| Transcribing agency | BD-DhUL |
| 082 ## - DEWEY DECIMAL CLASSIFICATION NUMBER | |
| Classification number | 954.922 |
| Item number | MAN |
| 100 1# - MAIN ENTRY--PERSONAL NAME | |
| Personal name | সাইফউদ্দিন, মোহাম্মদ |
| 245 10 - TITLE STATEMENT | |
| Title | মানিকগঞ্জ জেলার ইতিহাস / |
| Statement of responsibility, etc. | মোহাম্মদ সাইফউদ্দিন |
| 260 ## - PUBLICATION, DISTRIBUTION, ETC. (IMPRINT) | |
| Place of publication, distribution, etc. | মানিকগঞ্জ : |
| Name of publisher, distributor, etc. | জেলা প্রশাসন, মানিকগঞ্জ, |
| Date of publication, distribution, etc. | ১৯৮৭. |
| 300 ## - PHYSICAL DESCRIPTION | |
| Extent | ৭৩০ পৃ. : |
| Other physical details | চিত্র, মানচিত্র ; |
| Dimensions | ২২ সে.মি. |
| 650 #0 - SUBJECT ADDED ENTRY--TOPICAL TERM | |
| Topical term or geographic name as entry element | মানিকগঞ্জ - ইতিহাস |
| 650 #0 - SUBJECT ADDED ENTRY--TOPICAL TERM | |
| Topical term or geographic name as entry element | Manikganj - History |
| 942 ## - ADDED ENTRY ELEMENTS (KOHA) | |
| Source of classification or shelving scheme | |
| Koha item type | Books |
| Price effective from | Date last seen | Permanent Location | Not for loan | Date acquired | Source of classification or shelving scheme | Koha item type | Lost status | Withdrawn status | Copy number | Source of acquisition | Collection code | Damaged status | Shelving location | Barcode | Current Location | Full call number |
|---|---|---|---|---|---|---|---|---|---|---|---|---|---|---|---|---|
| 2016-09-20 | 2016-09-20 | Dhaka University Library | 2016-09-20 | Books | 1 | Purchased | Non Fiction | General Stacks | 465381 | Dhaka University Library | 954.922 MAN | |||||
| 2016-09-20 | 2016-09-20 | Dhaka University Library | 2016-09-20 | Books | 5 | Purchased | Non Fiction | General Stacks | 465385 | Dhaka University Library | 954.922 MAN | |||||
| 2016-09-20 | 2016-09-20 | Dhaka University Library | 2016-09-20 | Books | 4 | purchased | Non Fiction | General Stacks | 465384 | Dhaka University Library | 954.922 MAN |
